[Event "1.FrauenBL 2018-19"]
[Site "Berlin"]
[Date "2019.03.03"]
[Round "11.4"]
[White "Cornette, Deimante"]
[Black "Cmilyte, Viktorija"]
[Result "1/2-1/2"]
[WhiteElo "2457"]
[BlackElo "2542"]
[Annotator "TA"]
[PlyCount "71"]
[EventDate "2018.10.27"]
[EventType "team-tourn"]
[EventCountry "GER"]
[SourceTitle "playchess.com"]
[Source "ChessBase"]
[SourceQuality "1"]
[WhiteTeam "SK Schwaebisch Hall"]
[BlackTeam "OSG Baden-Baden"]

{[%evp 9,71,32,32,32,40,27,33,29,34,30,30,35,34,36,54,34,44,7,7,7,4,4,4,4,0,0,0,0,14,2,5,9,62,42,58,37,89,64,115,94,110,56,63,0,0,0,0,0,7,0,6,0,0,0,0,0,0,0,0,0,0,0,0,0]} 1. e4 c5 2. Nf3 Nc6 3. Nc3 e5 4. Bc4 g6 (4... Be7 5. d3 d6 6. O-O Nf6 7. h3 O-O 8. Ne2 a6 9. a3 b5 10. Ba2 Be6 11. Bxe6 fxe6 12. Ng3 d5 13. Re1 d4 14. c3 Kh8 {0-1 (89) Aronian,L (2765)-Carlsen,M (2835) St Petersburg 2018}) 5. a3 d6 6. d3 {B30: Sicilian: 2...Nc6 3 Bb5, lines without ...g6} h6 7. O-O (7. b4 {seems wilder.} Bg7 8. Be3 b6 9. O-O Nge7 10. Nd5) 7... Bg7 8. b4 {White is slightly better.} Nge7 9. Rb1 O-O 10. Nd5 b6 11. c3 $146 ({Predecessor:} 11. Ne3 Kh7 12. g4 f5 13. gxf5 gxf5 14. bxc5 bxc5 {½-½ (25) Vishnu,P (2406)-Tiwari,A (2341) New Delhi 2010}) 11... Be6 12. Be3 Kh7 13. d4 (13. Re1 {keeps more tension.} Bd7 14. Bd2 Nxd5 15. Bxd5 Rb8 16. Qb3) 13... cxd4 14. cxd4 Bxd5 15. exd5 Nxd4 16. Nxd4 exd4 17. Bxd4 Bxd4 18. Qxd4 Nf5 19. Qf4 a5 20. Bd3 Ne7 (20... Qg5 $11 21. Qxg5 hxg5) 21. Qd4 $14 axb4 22. axb4 Qd7 (22... Ng8 $14) 23. Rfe1 Rfe8 ({Black should try} 23... Rab8 $14) 24. h4 $16 h5 25. Rbd1 (25. Qxb6 $16 Nxd5 26. Qd4 Rxe1+ 27. Rxe1) 25... b5 26. Re3 (26. g4 $14) 26... Nf5 $11 {The position is equal.} 27. Bxf5 $1 Qxf5 28. Rf3 Qd7 29. Rf6 Re5 30. Qb6 Rae8 {[#] Threatens to win with ...Re1+.} 31. Qxd6 ({Avoid the trap} 31. Rxd6 $2 Re1+ 32. Kh2 (32. Rxe1 $2 Rxe1+ 33. Kh2 Qg4 $19) 32... Qg4 $19) 31... Re1+ 32. Rxe1 Rxe1+ 33. Kh2 Qxd6+ 34. Rxd6 Re4 35. g3 Rxb4 36. Rb6 {Accuracy: White = 49%, Black = 53%.} 1/2-1/2

[Event "1.FrauenBL 2018-19"]
[Site "Berlin"]
[Date "2019.03.03"]
[Round "11.4"]
[White "Movsesian, Julia"]
[Black "Brandt, Carina"]
[Result "1-0"]
[WhiteElo "2302"]
[BlackElo "2076"]
[Annotator "NA"]
[PlyCount "71"]
[EventDate "2018.10.27"]
[EventType "team-tourn"]
[EventCountry "GER"]
[SourceTitle "playchess.com"]
[Source "ChessBase"]
[SourceQuality "1"]
[WhiteTeam "Rodewischer SM"]
[BlackTeam "TuRa Harksheide"]
[TimeControl "40/5400+30:1800+30"]

1. Nf3 {[%emt 0:00:04]} Nf6 {[%emt 0:00:14]} 2. g3 {[%emt 0:00:08]} g6 {[%emt 0:00:00]} 3. Bg2 {[%emt 0:00:03]} Bg7 {[%emt 0:00:00]} 4. O-O {[%emt 0:00:09]} O-O {[%emt 0:00:18]} 5. d4 {[%emt 0:00:01]} d6 {[%emt 0:00:00]} 6. c4 {[%emt 0:00:09]} Nc6 {[%emt 0:03:19]} 7. Nc3 {[%emt 0:00:35]} e5 {[%emt 0:03:35]} 8. d5 {[%emt 0:00:26]} Nb8 {[%emt 0:00:00]} 9. e4 {[%emt 0:01:47]} a5 {[%emt 0:00:52]} 10. h3 {[%emt 0:04:56]} Na6 {[%emt 0:01:11]} 11. Be3 {[%emt 0:01:11]} Nd7 {[%emt 0:00:22]} 12. a3 {[%emt 0:06:34]} f5 {[%emt 0:03:01]} 13. exf5 {[%emt 0:07:29]} gxf5 {[%emt 0:10:10]} 14. Bg5 {[%emt 0:00:00]} Qe8 {[%emt 0:00:00]} 15. b4 {[%emt 0:26:00]} Qg6 {[%emt 0:26:00]} 16. Ne2 {[%emt 0:01:07]} Kh8 {[%emt 0:01:07]} 17. Qc1 {[%emt 0:05:39]} Rg8 {[%emt 0:12:17]} 18. Nh4 {[%emt 0:05:26]} Qf7 {[%emt 0:00:10]} 19. Kh2 {[%emt 0:04:57]} e4 {[%emt 0:05:17]} 20. Rb1 {[%emt 0:02:32]} Ne5 {[%emt 0:01:09]} 21. f3 {[%emt 0:01:05]} exf3 {[%emt 0:08:15]} 22. Nxf3 {[%emt 0:00:20]} axb4 {[%emt 0:02:12]} 23. axb4 {[%emt 0:01:02]} Bd7 {[%emt 0:03:32]} 24. Nfd4 {[%emt 0:04:38]} Qh5 {[%emt 0:04:00]} 25. Bh4 {[%emt 0:10:43]} Nd3 {[%emt 0:07:04]} 26. Qd2 {[%emt 0:00:00]} Be5 {[%emt 0:00:00]} 27. Kh1 {[%emt 0:00:00]} Naxb4 {[%emt 0:01:37]} 28. Rxb4 {[%emt 0:00:00]} Nxb4 {[%emt 0:00:05]} 29. Qxb4 {[%emt 0:00:00]} Ra2 {[%emt 0:02:30]} 30. Qe1 {[%emt 0:11:16]} Qh6 {[%emt 0:01:39]} 31. Nf3 {[%emt 0:00:00]} f4 {[%emt 0:02:44]} 32. Nxe5 {[%emt 0:04:23]} dxe5 {[%emt 0:00:01]} 33. Nc3 {[%emt 0:00:00]} Rxg2 {[%emt 0:01:23]} 34. Qxe5+ {[%emt 0:00:00]} Rg7 {[%emt 0:00:06]} 35. Kxg2 {[%emt 0:00:00]} Kg8 {[%emt 0:02:58]} 36. Qxf4 {[%emt 0:00:00]} 1-0

[Event "1.FrauenBL 2018-19"]
[Site "Berlin"]
[Date "2019.03.03"]
[Round "11.4"]
[White "Straub, Natalia"]
[Black "Kiefhaber, Veronika"]
[Result "0-1"]
[WhiteElo "2146"]
[BlackElo "2151"]
[Annotator "NA"]
[PlyCount "106"]
[EventDate "2018.10.27"]
[EventType "team-tourn"]
[EventCountry "GER"]
[SourceTitle "playchess.com"]
[Source "ChessBase"]
[SourceQuality "1"]
[WhiteTeam "SF Deizisau"]
[BlackTeam "Karlsruher SF"]
[TimeControl "40/5400+30:1800+30"]

1. d4 {[%emt 0:00:04]} Nf6 {[%emt 0:00:07]} 2. c4 {[%emt 0:00:08]} g6 {[%emt 0:00:10]} 3. g3 {[%emt 0:00:09]} Bg7 4. Bg2 {[%emt 0:00:02]} O-O {[%emt 0:00:28]} 5. Nc3 {[%emt 0:00:08]} d6 {[%emt 0:00:18]} 6. Nf3 {[%emt 0:00:05]} a6 {[%emt 0:00:22]} 7. O-O {[%emt 0:02:06]} Nc6 {[%emt 0:00:30]} 8. Re1 {[%emt 0:00:29]} Rb8 {[%emt 0:01:24]} 9. Rb1 {[%emt 0:00:44]} e5 {[%emt 0:02:15]} 10. d5 {[%emt 0:13:59]} Ne7 {[%emt 0:01:40]} 11. e4 {[%emt 0:03:36]} c6 {[%emt 0:01:58]} 12. h3 {[%emt 0:09:39]} cxd5 {[%emt 0:03:20]} 13. cxd5 {[%emt 0:00:16]} b5 {[%emt 0:00:36]} 14. b4 {[%emt 0:03:06]} Ne8 {[%emt 0:05:34]} 15. Nd2 {[%emt 0:18:40]} f5 {[%emt 0:02:45]} 16. Nb3 {[%emt 0:04:32]} Bd7 {[%emt 0:05:00]} 17. Na5 {[%emt 0:09:39]} Rc8 {[%emt 0:07:10]} 18. Qb3 {[%emt 0:02:53]} Kh8 {[%emt 0:02:33]} 19. Bg5 {[%emt 0:03:24]} Bf6 {[%emt 0:04:09]} 20. Bd2 {[%emt 0:01:23]} f4 {[%emt 0:05:51]} 21. Rec1 {[%emt 0:12:07]} Qb6 {[%emt 0:15:48]} 22. Nd1 {[%emt 0:01:57]} Rxc1 {[%emt 0:05:45]} 23. Rxc1 {[%emt 0:00:03]} g5 {[%emt 0:00:21]} 24. Kh2 {[%emt 0:02:28]} Ng6 {[%emt 0:02:41]} 25. Nc6 {[%emt 0:00:53]} g4 {[%emt 0:08:34]} 26. a4 {[%emt 0:03:25]} bxa4 {[%emt 0:02:09]} 27. Qxa4 {[%emt 0:00:42]} gxh3 {[%emt 0:01:56]} 28. Bxh3 {[%emt 0:02:41]} Bxh3 {[%emt 0:04:15]} 29. Kxh3 {[%emt 0:00:02]} fxg3 {[%emt 0:00:26]} 30. fxg3 {[%emt 0:01:40]} Qg1 {[%emt 0:06:05]} 31. Nc3 {[%emt 0:03:03]} Qf2 {[%emt 0:00:23]} 32. Qc2 {[%emt 0:00:41]} Bh4 {[%emt 0:08:56]} 33. Be1 {[%emt 0:00:12]} Qf3 {[%emt 0:00:16]} 34. Kh2 {[%emt 0:01:27]} Bg5 {[%emt 0:00:11]} 35. Ra1 {[%emt 0:00:36]} Qh5+ {[%emt 0:02:11]} 36. Kg2 {[%emt 0:00:05]} Rf3 {[%emt 0:00:38]} 37. Ne2 {[%emt 0:01:02]} Qg4 {[%emt 0:00:47]} 38. Ng1 {[%emt 0:00:36]} Nf4+ {[%emt 0:00:20]} 39. Kh1 {[%emt 0:00:03]} Rf1 {[%emt 0:00:45]} 40. Bc3 {[%emt 0:00:56]} Rxa1 {[%emt 0:01:04]} 41. Bxa1 {[%emt 0:30:04]} Qxg3 {[%emt 0:01:38]} 42. Nxe5 {[%emt 0:00:00]} dxe5 {[%emt 0:04:10]} 43. Bxe5+ {[%emt 0:00:00]} Kg8 {[%emt 0:01:15]} 44. d6 {[%emt 0:00:00]} Qg4 {[%emt 0:05:09]} 45. Bxf4 {[%emt 0:00:00]} Bxf4 {[%emt 0:00:40]} 46. Qc4+ {[%emt 0:00:00]} Kg7 {[%emt 0:08:33]} 47. Qd4+ {[%emt 0:02:15]} Nf6 {[%emt 0:00:18]} 48. e5 {[%emt 0:00:08]} Qh4+ {[%emt 0:01:22]} 49. Kg2 {[%emt 0:00:08]} Qg3+ {[%emt 0:00:05]} 50. Kf1 {[%emt 0:00:04]} Bxe5 {[%emt 0:00:08]} 51. Qa7+ {[%emt 0:01:15]} Kg6 {[%emt 0:00:10]} 52. d7 {[%emt 0:00:52]} Qd3+ {[%emt 0:00:27]} 53. Kg2 {[%emt 0:00:09]} Nxd7 {[%emt 0:00:44]} 0-1

[Event "1.FrauenBL 2018-19"]
[Site "Berlin"]
[Date "2019.03.03"]
[Round "11.4"]
[White "Goehler, Antje"]
[Black "Belenkaya, Dina"]
[Result "0-1"]
[WhiteElo "2099"]
[BlackElo "2360"]
[Annotator "NA"]
[PlyCount "127"]
[EventDate "2018.10.27"]
[EventType "team-tourn"]
[EventCountry "GER"]
[SourceTitle "playchess.com"]
[Source "ChessBase"]
[SourceQuality "1"]
[WhiteTeam "Pankow"]
[BlackTeam "Bad Koenigshofen"]
[TimeControl "40/5400+30:1800+30"]

1. d4 {[%emt 0:00:05]} d5 {[%emt 0:00:06]} 2. Nf3 {[%emt 0:00:13]} Nf6 {[%emt 0:00:05]} 3. c4 {[%emt 0:00:21]} dxc4 {[%emt 0:00:09]} 4. e3 {[%emt 0:01:39]} e6 {[%emt 0:00:14]} 5. Bxc4 {[%emt 0:00:18]} a6 {[%emt 0:00:05]} 6. O-O {[%emt 0:02:15]} c5 {[%emt 0:00:09]} 7. dxc5 {[%emt 0:03:10]} Bxc5 {[%emt 0:01:01]} 8. Qxd8+ {[%emt 0:02:05]} Kxd8 {[%emt 0:00:04]} 9. Rd1+ {[%emt 0:00:11]} Ke7 {[%emt 0:00:10]} 10. b3 {[%emt 0:03:57]} Bd7 {[%emt 0:01:26]} 11. Bb2 {[%emt 0:03:00]} Rc8 {[%emt 0:02:08]} 12. Nbd2 {[%emt 0:02:31]} Bb5 {[%emt 0:15:58]} 13. Rac1 {[%emt 0:08:34]} Nbd7 {[%emt 0:01:43]} 14. a4 {[%emt 0:05:57]} Bxc4 {[%emt 0:01:44]} 15. Nxc4 {[%emt 0:02:36]} Bb4 {[%emt 0:04:52]} 16. Nfe5 {[%emt 0:09:36]} Nxe5 {[%emt 0:09:00]} 17. Nxe5 {[%emt 0:02:58]} g5 {[%emt 0:03:39]} 18. Kf1 {[%emt 0:04:46]} h5 {[%emt 0:01:32]} 19. Rc4 {[%emt 0:01:20]} Rxc4 {[%emt 0:01:32]} 20. Nxc4 {[%emt 0:00:08]} Rc8 {[%emt 0:01:57]} 21. Bxf6+ {[%emt 0:10:20]} Kxf6 {[%emt 0:00:07]} 22. Nd6 {[%emt 0:00:05]} Rc6 {[%emt 0:05:10]} 23. Ne4+ {[%emt 0:06:08]} Kg6 {[%emt 0:06:12]} 24. Rd4 {[%emt 0:11:23]} Rb6 {[%emt 0:04:02]} 25. f4 {[%emt 0:04:28]} gxf4 {[%emt 0:00:56]} 26. exf4 {[%emt 0:00:06]} f5 {[%emt 0:01:10]} 27. Nf2 {[%emt 0:03:08]} Bc3 {[%emt 0:02:31]} 28. Rd3 {[%emt 0:01:31]} Rxb3 {[%emt 0:07:01]} 29. Nd1 {[%emt 0:00:06]} Rb1 {[%emt 0:00:56]} 30. Rxc3 {[%emt 0:00:44]} Rxd1+ {[%emt 0:00:04]} 31. Ke2 {[%emt 0:00:13]} Rb1 {[%emt 0:01:01]} 32. Rc7 {[%emt 0:02:33]} a5 {[%emt 0:06:02]} 33. Re7 {[%emt 0:04:25]} Kf6 {[%emt 0:00:27]} 34. Rh7 {[%emt 0:01:06]} Rb4 {[%emt 0:02:22]} 35. Rh6+ {[%emt 0:00:43]} Kf7 {[%emt 0:01:48]} 36. Rxh5 {[%emt 0:01:11]} Kg6 {[%emt 0:02:58]} 37. Rg5+ {[%emt 0:01:19]} Kf6 {[%emt 0:00:02]} 38. g3 {[%emt 0:00:54]} Rxa4 {[%emt 0:03:47]} 39. h4 {[%emt 0:00:24]} Ra2+ {[%emt 0:10:36]} 40. Kd3 {[%emt 0:01:00]} b5 {[%emt 0:03:19]} 41. Kc3 {[%emt 0:32:02]} b4+ {[%emt 0:06:01]} 42. Kb3 {[%emt 0:00:00]} Ra3+ {[%emt 0:01:18]} 43. Kb2 {[%emt 0:00:00]} Rd3 {[%emt 0:05:20]} 44. h5 {[%emt 0:00:00]} a4 {[%emt 0:02:38]} 45. h6 {[%emt 0:00:00]} Rd2+ {[%emt 0:01:41]} 46. Kc1 {[%emt 0:00:00]} Rh2 {[%emt 0:00:22]} 47. Rg8 {[%emt 0:00:00]} Rxh6 {[%emt 0:00:38]} 48. Rf8+ {[%emt 0:00:00]} Ke7 {[%emt 0:00:14]} 49. Rb8 {[%emt 0:00:00]} Rh1+ {[%emt 0:00:18]} 50. Kb2 {[%emt 0:00:00]} Rh2+ {[%emt 0:00:14]} 51. Kb1 {[%emt 0:00:00]} b3 {[%emt 0:00:36]} 52. Rb4 {[%emt 0:00:00]} Ra2 {[%emt 0:00:21]} 53. Rb6 {[%emt 0:00:00]} Kd7 {[%emt 0:00:27]} 54. Kc1 {[%emt 0:00:00]} Kc7 {[%emt 0:01:49]} 55. Ra6 {[%emt 0:00:00]} a3 {[%emt 0:01:08]} 56. Kb1 {[%emt 0:00:00]} Kb7 {[%emt 0:00:16]} 57. Ra4 {[%emt 0:00:00]} Kc6 {[%emt 0:00:15]} 58. Ra8 {[%emt 0:04:10]} Kc5 {[%emt 0:01:03]} 59. Ra4 {[%emt 0:01:40]} Kb5 {[%emt 0:00:22]} 60. Ra8 {[%emt 0:00:37]} Kc4 {[%emt 0:00:54]} 61. Ra6 {[%emt 0:01:11]} Rb2+ {[%emt 0:00:52]} 62. Ka1 {[%emt 0:01:22]} Rg2 {[%emt 0:00:51]} 63. g4 Rxg4 {Nb1 [%clk ] Kxd3 [%clk ]} 64. Ra4+ {--- [%clk ] Rd7 [%clk ]} 0-1

[Event "1.FrauenBL 2018-19"]
[Site "Berlin"]
[Date "2019.03.03"]
[Round "11.5"]
[White "Stefanova, Antoaneta"]
[Black "Kashlinskaya, Alina"]
[Result "1/2-1/2"]
[WhiteElo "2493"]
[BlackElo "2470"]
[Annotator "TA"]
[PlyCount "88"]
[EventDate "2018.10.27"]
[EventType "team-tourn"]
[EventCountry "GER"]
[SourceTitle "playchess.com"]
[Source "ChessBase"]
[SourceQuality "1"]
[WhiteTeam "OSG Baden-Baden"]
[BlackTeam "SK Schwaebisch Hall"]

{[%evp 15,88,0,0,0,6,-4,0,-13,-1,-13,0,-16,-14,-27,-28,-31,-28,-33,-30,-50,-39,-58,-26,-29,0,-37,171,160,168,170,383,397,384,373,389,381,349,414,417,410,403,401,410,399,387,79,100,89,79,65,179,139,163,0,0,0,0,0,0,0,0,0,0,0,0,0,0,0,0,0,0,0,0,0,0]} 1. d4 Nf6 2. Bf4 d5 3. e3 e6 4. Nd2 c5 5. Ngf3 Nc6 6. c3 Bd6 7. Bg3 O-O 8. Bd3 b6 {[%cal Bb7b6,Bb6b5,Bb5b4][%mdl 32]} 9. Qe2 {D02: 1 d4 d5 2 Nf3 sidelines, including 2...Nf6 3 g3 and 2...Nf6 3 Bf4} Bb7 10. Rd1 Ne8 $146 ({Predecessor:} 10... Re8 11. e4 Be7 12. e5 Nh5 13. h4 cxd4 14. Nxd4 Nxg3 15. fxg3 Bc5 16. N2f3 f5 {½-½ (45) Esipenko,A (2593)-Karjakin,S (2753) St Petersburg 2018}) 11. a3 c4 12. Bc2 f5 13. Ne5 b5 14. f4 a5 15. Ndf3 b4 16. Ba4 Qc8 17. Ra1 Nf6 18. Ng5 Ne7 19. Bh4 Ra6 20. O-O (20. axb4 {is interesting.} axb4 21. O-O h6 22. Ngf3 Qc7 23. Bb5) 20... Bc6 $2 (20... bxa3 $15 {keeps the upper hand.} 21. bxa3 Bc6 22. Nxc6 Nxc6) 21. Bxc6 $18 Nxc6 22. axb4 {[#] Strongly threatening b5.} axb4 $2 (22... Na7 {was necessary.} 23. Rxa5 Rxa5 24. bxa5 h6) 23. Rxa6 {[%mdl 64] Overworked Piece} Qxa6 24. Nxe6 Re8 {[#]} 25. Nxg7 $1 {[%mdl 576] Remove Defender} Kxg7 26. Bxf6+ $1 Kxf6 27. Qh5 {[%csl Ge5][%cal Rh5f7][%mdl 64] Double Attack} Bxe5 28. Qxe8 Bd6 29. Qh8+ Ke6 30. Qg8+ $2 (30. g4 $18 {is more deadly.}) 30... Kd7 $16 31. Qxd5 Ne7 32. Qf7 {aiming for e4.} Qa2 (32... Qc6 $14) 33. cxb4 $18 ({Not} 33. Qxh7 $2 Qxb2 34. Qg7 (34. cxb4 $2 c3 $19) 34... Qxc3 $19) 33... Qb3 34. Kh1 $2 ({Inferior is} 34. Qxh7 Qxe3+ 35. Kh1 Qe2 $19) (34. Re1 $18) 34... Qd3 $1 $11 {[%cal Rd3f1] The position is equal.} 35. Ra1 Qxe3 36. Qxc4 {And now d5 would win.} Qxf4 {[%csl Gd6][%cal Rf4h2]} 37. g3 Qe4+ 38. Kg1 Nd5 39. b5 Qe3+ 40. Kg2 Qe4+ 41. Kf2 Qe3+ 42. Kg2 Qe4+ 43. Kf2 Qe3+ 44. Kg2 Qe4+ {Accuracy: White = 46%, Black = 58%.} 1/2-1/2

[Event "1.FrauenBL 2018-19"]
[Site "Berlin"]
[Date "2019.03.03"]
[Round "11.5"]
[White "Zakurdjaeva, Irina"]
[Black "Wolf, Sylvia"]
[Result "1-0"]
[WhiteElo "2231"]
[BlackElo "1993"]
[Annotator "NA"]
[PlyCount "123"]
[EventDate "2018.10.27"]
[EventType "team-tourn"]
[EventCountry "GER"]
[SourceTitle "playchess.com"]
[Source "ChessBase"]
[SourceQuality "1"]
[WhiteTeam "Bad Koenigshofen"]
[BlackTeam "Pankow"]
[TimeControl "40/5400+30:1800+30"]

1. e4 {[%emt 0:00:10]} c5 {[%emt 0:00:09]} 2. Nf3 {[%emt 0:00:24]} d6 {[%emt 0:00:09]} 3. d4 {[%emt 0:00:07]} cxd4 {[%emt 0:00:05]} 4. Nxd4 {[%emt 0:00:00]} Nf6 {[%emt 0:00:21]} 5. Nc3 {[%emt 0:00:14]} a6 {[%emt 0:00:09]} 6. Be2 {[%emt 0:02:00]} e5 {[%emt 0:00:47]} 7. Nb3 {[%emt 0:00:00]} Be6 {[%emt 0:04:05]} 8. O-O {[%emt 0:06:21]} Qc7 {[%emt 0:00:00]} 9. Be3 {[%emt 0:04:35]} Nbd7 {[%emt 0:02:01]} 10. Kh1 {[%emt 0:07:04]} Be7 {[%emt 0:10:23]} 11. f4 {[%emt 0:03:43]} Rc8 {[%emt 0:05:19]} 12. f5 {[%emt 0:02:39]} Bc4 {[%emt 0:03:19]} 13. Bxc4 {[%emt 0:01:12]} Qxc4 {[%emt 0:00:43]} 14. Qf3 {[%emt 0:00:00]} h5 {[%emt 0:05:57]} 15. Rad1 {[%emt 0:06:46]} b5 {[%emt 0:12:38]} 16. a3 {[%emt 0:04:36]} h4 {[%emt 0:05:10]} 17. Rfe1 {[%emt 0:03:54]} Qc7 {[%emt 0:04:06]} 18. Nd2 {[%emt 0:06:24]} Qb7 {[%emt 0:03:25]} 19. Nf1 {[%emt 0:08:37]} Rxc3 {[%emt 0:03:14]} 20. bxc3 {[%emt 0:03:14]} Qxe4 {[%emt 0:00:00]} 21. Qxe4 {[%emt 0:10:17]} Nxe4 {[%emt 0:00:34]} 22. Bg1 {[%emt 0:10:30]} Nxc3 {[%emt 0:04:40]} 23. Rd3 {[%emt 0:00:00]} Na4 {[%emt 0:00:07]} 24. g4 {[%emt 0:01:42]} hxg3 25. Nxg3 {[%emt 0:00:07]} Nac5 {[%emt 0:08:03]} 26. Rd5 {[%emt 0:09:39]} Nf6 {[%emt 0:10:39]} 27. Rdd1 {[%emt 0:00:43]} Nfd7 {[%emt 0:01:12]} 28. Rd5 {[%emt 0:00:00]} Nf6 {[%emt 0:01:38]} 29. Rdd1 {[%emt 0:03:51]} Nfd7 {[%emt 0:00:08]} 30. Bxc5 {[%emt 0:00:42]} Nxc5 {[%emt 0:00:11]} 31. Ne4 {[%emt 0:00:14]} Nxe4 {[%emt 0:01:24]} 32. Rxe4 {[%emt 0:00:02]} Rh5 {[%emt 0:01:39]} 33. Rf1 {[%emt 0:00:34]} Rh4 {[%emt 0:01:58]} 34. Rxh4 {[%emt 0:00:00]} Bxh4 {[%emt 0:00:01]} 35. Rd1 {[%emt 0:03:59]} Ke7 {[%emt 0:00:14]} 36. Kg2 {[%emt 0:00:28]} Kd7 {[%emt 0:09:50]} 37. Kf3 {[%emt 0:00:42]} Kc6 {[%emt 0:00:42]} 38. Ke4 {[%emt 0:00:00]} Bf6 {[%emt 0:00:00]} 39. Rd3 {[%emt 0:00:40]} a5 {[%emt 0:02:46]} 40. Rc3+ {[%emt 0:01:36]} Kb6 {[%emt 0:01:09]} 41. Kd5 {[%emt 0:31:09]} b4 {[%emt 0:30:49]} 42. axb4 {[%emt 0:00:00]} a4 {[%emt 0:00:00]} 43. Rc8 {[%emt 0:00:00]} Kb7 {[%emt 0:00:00]} 44. Rc3 {[%emt 0:00:00]} Kb6 {[%emt 0:00:00]} 45. Ra3 {[%emt 0:00:00]} Kb5 {[%emt 0:00:00]} 46. c3 {[%emt 0:00:00]} Bg5 {[%emt 0:00:00]} 47. Ra2 {[%emt 0:00:00]} Bf4 {[%emt 0:00:00]} 48. h3 {[%emt 0:00:00]} f6 {[%emt 0:00:00]} 49. Kxd6 {[%emt 0:00:00]} e4+ {[%emt 0:00:00]} 50. Kd5 {[%emt 0:00:00]} e3 {[%emt 0:00:00]} 51. Ke4 {[%emt 0:00:00]} Be5 {[%emt 0:00:00]} 52. Kd3 {[%emt 0:00:00]} Bf4 {[%emt 0:00:00]} 53. h4 {[%emt 0:01:14]} Bh6 {[%emt 0:00:00]} 54. Ra1 {[%emt 0:03:29]} Bf4 {[%emt 0:00:00]} 55. h5 {[%emt 0:00:22]} Bg5 {[%emt 0:00:00]} 56. Rb1 {[%emt 0:02:28]} a3 {[%emt 0:01:08]} 57. c4+ {[%emt 0:00:04]} Ka4 {[%emt 0:00:35]} 58. b5 {[%emt 0:00:10]} a2 {[%emt 0:01:04]} 59. Ra1 {[%emt 0:00:06]} Kb3 {[%emt 0:00:21]} 60. c5 {[%emt 0:00:35]} Bf4 {[%emt 0:04:01]} 61. b6 {[%emt 0:00:00]} Kb2 {[%emt 0:00:25]} 62. Rxa2+ {[%emt 0:00:33] --- [%clk ] Ke4+ [%clk ]} 1-0

[Event "1.FrauenBL 2018-19"]
[Site "Berlin"]
[Date "2019.03.03"]
[Round "11.5"]
[White "Bluhm, Sonja Maria"]
[Black "Sieber, Fiona"]
[Result "1-0"]
[WhiteElo "2222"]
[BlackElo "2331"]
[Annotator "NA"]
[PlyCount "85"]
[EventDate "2018.10.27"]
[EventType "team-tourn"]
[EventCountry "GER"]
[SourceTitle "playchess.com"]
[Source "ChessBase"]
[SourceQuality "1"]
[WhiteTeam "Hofheim"]
[BlackTeam "SK Lehrte"]
[TimeControl "40/5400+30:1800+30"]

1. e4 {[%emt 0:00:06]} c5 {[%emt 0:00:04]} 2. d3 {[%emt 0:00:10]} Nc6 {[%emt 0:00:43]} 3. g3 {[%emt 0:00:25]} g6 {[%emt 0:00:22]} 4. Bg2 {[%emt 0:00:25]} Bg7 {[%emt 0:00:33]} 5. f4 {[%emt 0:00:40]} d6 {[%emt 0:00:47]} 6. Nf3 {[%emt 0:00:12]} Nf6 {[%emt 0:01:16]} 7. O-O {[%emt 0:00:13]} O-O {[%emt 0:00:35]} 8. c3 {[%emt 0:00:24]} Rb8 {[%emt 0:12:15]} 9. h3 {[%emt 0:01:00]} b5 {[%emt 0:02:23]} 10. g4 {[%emt 0:00:56]} b4 {[%emt 0:06:07]} 11. c4 {[%emt 0:03:01]} Ne8 {[%emt 0:10:17]} 12. Qe1 {[%emt 0:10:18]} Nd4 {[%emt 0:05:25]} 13. Nxd4 {[%emt 0:03:18]} Bxd4+ {[%emt 0:00:06]} 14. Kh1 {[%emt 0:00:11]} e6 {[%emt 0:13:14]} 15. Nd2 {[%emt 0:00:52]} f5 {[%emt 0:00:24]} 16. Nf3 {[%emt 0:08:42]} fxg4 {[%emt 0:05:54]} 17. hxg4 {[%emt 0:00:17]} Bg7 {[%emt 0:01:12]} 18. Qg3 {[%emt 0:05:52]} Qe7 {[%emt 0:01:51]} 19. Rf2 {[%emt 0:04:03]} Bb7 {[%emt 0:03:09]} 20. Be3 {[%emt 0:03:47]} Nf6 {[%emt 0:01:12]} 21. Nh4 {[%emt 0:08:23]} Nd7 {[%emt 0:03:11]} 22. Rg1 {[%emt 0:03:57]} Rbe8 {[%emt 0:02:38]} 23. g5 {[%emt 0:07:23]} Rf7 {[%emt 0:03:15]} 24. Bf3 {[%emt 0:05:24]} Nb8 {[%emt 0:02:37]} 25. Rh2 {[%emt 0:05:16]} Nc6 {[%emt 0:06:58]} 26. Qh3 {[%emt 0:01:57]} Bd4 {[%emt 0:00:43]} 27. Bxd4 {[%emt 0:15:12]} Nxd4 {[%emt 0:00:05]} 28. Nxg6 {[%emt 0:00:15]} Qc7 {[%emt 0:00:39]} 29. Bh5 {[%emt 0:05:19]} Rg7 {[%emt 0:02:19]} 30. Ne5 {[%emt 0:03:42]} Rf8 {[%emt 0:04:30]} 31. Ng4 {[%emt 0:00:13]} Rxf4 {[%emt 0:01:30]} 32. Nf6+ {[%emt 0:00:21]} Kf8 {[%emt 0:00:58]} 33. Bg4 {[%emt 0:00:50]} d5 {[%emt 0:06:33]} 34. Nh5 {[%emt 0:03:11]} dxe4 {[%emt 0:00:52]} 35. Nxf4 {[%emt 0:00:19]} Qxf4 {[%emt 0:00:11]} 36. Rf1 {[%emt 0:00:41]} Nf3 {[%emt 0:00:02]} 37. dxe4 {[%emt 0:00:26]} Rf7 {[%emt 0:00:57]} 38. Bxf3 {[%emt 0:00:33]} Bxe4 {[%emt 0:01:31]} 39. Bxe4 {[%emt 0:00:24]} Qxe4+ {[%emt 0:00:28]} 40. Kg1 {[%emt 0:00:11]} Qd4+ {[%emt 0:01:09]} 41. Rhf2 {[%emt 0:30:18]} Ke7 {[%emt 0:02:15]} 42. Qg3 {[%emt 0:00:00]} e5 {[%emt 0:01:48]} 43. Kh2 {[%emt 0:00:00]} 1-0